| 000 | 00667nam a22002057a 4500 | ||
|---|---|---|---|
| 999 |
_c18915 _d18915 |
||
| 003 | AR-CdUCM | ||
| 008 | 190515b ||||| |||| 00| 0 spa d | ||
| 040 |
_aMUNICIPALIDAD PROVINCIAL DEL CUSCO _cBIBLIOTECA MUNICIPAL DEL CUSCO |
||
| 082 |
_a391 / _bT68 |
||
| 100 |
_aTolstoi, Alejo _939833 |
||
| 245 |
_aPedro el grande : _bbiografía novelada / |
||
| 260 |
_aBuenos Aires : _bClaridad, _c1943. |
||
| 300 |
_a589 paginas ; _bIlustraciones, _c23 cm. |
||
| 440 |
_aBiblioteca de grandes biografías vol. 4 _939834 |
||
| 505 | _aContenido : Biografía novelada | ||
| 650 |
_aBiografía _922 |
||
| 650 |
_aNovela _95 |
||
| 942 |
_2ddc _cLIBROS |
||
| 945 |
_awnts _d2019-05-15 |
||